000 00441nam a2200181Ia 4500
003 GCL
008 140319s9999 xx 000 0 eng d
040 _aGCL /
_cGCL
082 0 4 _a823
_bA N
100 1 _aAUSTEN, JANE
245 1 0 _aNORTHHAGER ABBEY /
_cAUSTEN, JANE
260 _a[S.N] :
_bYORK PRESS ،
_c1994
300 _a253 PP
650 0 4 _aENGLISH LITERATURE
650 0 4 _aENGLISH FICTION
650 0 4 _aFICTION
942 _2ddc
_cBK
999 _c18178
_d18178